গুরু পূর্ণিমার রাতে যত কান্ড / (Record no. 13363)
[ view plain ]
| 000 -LEADER | |
|---|---|
| fixed length control field | 00716nam a2200229 a 4500 |
| 001 - CONTROL NUMBER | |
| JCCL Control Number | 13363 |
| 003 - CONTROL NUMBER IDENTIFIER | |
| JCCL marc code | BD-JhCC |
| 005 - DATE AND TIME OF LATEST TRANSACTION | |
| control field | 20230910080811.0 |
| 008 - FIXED-LENGTH DATA ELEMENTS--GENERAL INFORMATION | |
| fixed length control field | 230909b2020 bg a|||| ||a| 000 0 ben d |
| 020 ## - INTERNATIONAL STANDARD BOOK NUMBER | |
| International Standard Book Number | 9789848881151 |
| 035 ## - SYSTEM CONTROL NUMBER | |
| system control number | (BD-JhCC)13363 |
| 040 ## - CATALOGING SOURCE | |
| Original cataloging agency | BD-JhCC |
| Modifying agency | BD-JhCC |
| 041 ## - LANGUAGE CODE | |
| Language code of Book | bengali |
| 082 ## - DEWEY DECIMAL CLASSIFICATION NUMBER | |
| Classification number | 891.4435 |
| Author mark and Year | HAB 2020 |
| 100 ## - MAIN ENTRY--PERSONAL NAME | |
| Personal name | হাবীব,আহসান |
| 245 ## - TITLE STATEMENT | |
| Title | গুরু পূর্ণিমার রাতে যত কান্ড / |
| Statement of responsibility, etc | আহসান হাবীব । |
| 260 ## - PUBLICATION, DISTRIBUTION, ETC. (IMPRINT) | |
| Place of publication, distribution, etc | ঢাকা: |
| Name of publisher, distributor, etc | চিলড্রেন বুক কালেকশন; |
| Date of publication, distribution, etc | 2020. |
| 300 ## - PHYSICAL DESCRIPTION | |
| Pagination | 64 p. : |
| Dimensions | 22cm. |
| 650 ## - SUBJECT ADDED ENTRY--TOPICAL TERM | |
| Topical term or geographic name as entry element | Bengali Short story |
| 942 ## - ADDED ENTRY ELEMENTS (KOHA) | |
| Source of classification or shelving scheme | Dewey Decimal Classification |
| Koha item type | Books |
| Source of classification or shelving scheme | Damaged status | Not for loan | Home library | Current library | Shelving location | Date of accession | Cost, normal purchase price | Total Checkouts | Full call number | Barcode | Date last seen | Date checked out | Copy number | Method of acquisition | Koha item type | Currency |
|---|---|---|---|---|---|---|---|---|---|---|---|---|---|---|---|---|
| Dewey Decimal Classification | JCC Rouf Library | JCC Rouf Library | General Stacks | 09/09/2023 | 189.00 | 1 | 891.4435 HAB 2020 | 18166 | 12/04/2023 | 11/29/2023 | C-1 | Purchase | Books | BDT |